000 02161nam0a2200337 4500
001 RU\NLR\bibl\1096312
005 20260407162109.0
010 _a978-5-98342-059-5
_950
021 _aRU
_b2007-29102
_91547
035 _a(NLR Aleph) 001083424
090 _a1072920
_c1072920
100 _a20070608d2007 |||y0rusy50 ca
101 0 _arus
102 _aRU
105 _ay |||||||||
200 1 _aПредставительные учреждения Российской Империи и современной России: историко-юридические аспекты
_eсборник научных трудов межвузовской научной конференции, Кострома, 16-17 июня 2006 г.
_f[редкол.: А.В. Новиков (отв. ред.) и др.]
210 _aКострома
_cФилиал РГГУ
_cАвантитул
_d2007
215 _a132 с.
_d21
300 _aВ надзаг.: Федер. агентство по образованию, Гос. образоват. учреждение высш. проф. образования Рос. гос. гуманит. ун-т, Фил. РГГУ в г. Костроме
320 _aБиблиогр. в конце докл.
606 1 _aОрганы государственной власти
_jСъезды, совещания и т.п.
_xИстория
_yРоссия
_92296885
_3RU\NLR\auth\661375325
606 1 _aМестное самоуправление
_jСъезды, совещания и т.п.
_xИстория
_yРоссия
_92166839
_3RU\NLR\auth\661303705
686 _aХ2(2)5-523я431
686 _aТ3(2)52-532.2я431
702 1 _4340
_8rus
_7ca
_aНовиков
_bА. В.
_cканд. ист. наук
_gАлексей Валентинович
_3RU\NLR\auth\7754220
_937152
712 0 2 _4570
_aРоссийский государственный гуманитарный университет
_bФилиал
_cКострома
_3RU\NLR\AUTH\8810100334
_9701682
801 0 _aRU
_bNLR
_c20070608
_gRCR
801 1 _aRU
_bNLR
_c20070608
942 _cBOOK
980 _aNB